| 000 | 00582cam a22001811 4500 | ||
|---|---|---|---|
| 082 |
_a526.982 _bTRO _cL-16, P-13 |
||
| 100 | 1 |
_aTrorey, Lyle G. _939653 |
|
| 245 | 0 | 0 |
_aHandbook of aerial mapping and photogrammetry. _cWith a foreword by W.W. Williams. |
| 250 | _a[2d ed.] | ||
| 260 |
_aCambridge [Eng.] _bUniversity Press, _c1952. |
||
| 300 |
_a180 p. _billus. _c25 cm. |
||
| 526 |
_a0 _b0 _c0 _d526_982000000000000_TRO |
||
| 650 | 0 |
_aAerial photography. _920851 |
|
| 650 | 0 |
_aCartography. _921312 |
|
| 650 | 0 |
_aMCE _9379 |
|
| 650 | 0 |
_aPhotographic surveying. _939654 |
|
| 942 |
_2ddc _cBK |
||
| 999 |
_c544105 _d544105 |
||